| 000 | 01205nam a2200277Ia 4500 | ||
|---|---|---|---|
| 003 | OSt | ||
| 005 | 20220923211149.0 | ||
| 006 | a|||||r|||| 00| 0 | ||
| 007 | ta | ||
| 008 | 220922b |||||||| |||| 00| 0 hin d | ||
| 020 |
_a8187524782 (hbk) _c150 |
||
| 024 | _a238,946 | ||
| 037 |
_b385, 29/01/2009, Vani Prakashan _cTextual |
||
| 040 |
_aARTS _cARTS _bhin |
||
| 041 |
_2hin _ahin |
||
| 082 | _aO157,1N26x, 152P6 | ||
| 100 |
_aभट्टाचार्य, सुकांत; बैनर्जी, उत्पल, अनु. _9158970 |
||
| 245 | 0 | _aमैंने अभी अभी सपनों के बीज बोए थे ! | |
| 246 | _aMaianne abhī abhī sapanoan ke bīj boe the ! Hindī kavitā, kamalākānta pāṭhaka | ||
| 260 |
_aमुंबई _b सवांद प्रकाशन _c2006 |
||
| 300 |
_a159पृ. _ccm. |
||
| 490 | _aकविता - संचयन | ||
| 650 |
_aबंगाली साहित्य _9156264 |
||
| 942 |
_hO157,1N26x, 152P6 _cTEXL _2CC |
||
| 999 |
_c296177 _d296177 |
||